000 00715nam a22002177a 4500
005 20170725114233.0
010 _aENG-119319-320
020 _a9798170580187 (vol-1)
_c900.00 (Per set )
020 _a9798170580187 (vol-2)
_c900.00 (Per set)
035 _aEN-102851-852
037 _bDBAD/PUB
082 _a181.499
100 _aNirodbaran
245 _aNirodbarn's correspondence with Sri Aurobindo :
_cby Nirodbaran
_bthe complete set /
260 _aPondicherry
_bSri Aurobindo Ashram
_c2012
270 _aPondicherry
_e605001
300 _aVol-2-(xxii,1-679p. ; 680p-1378p.)
_c22cm (pbk)
500 _aIncludes index
700 _aS. Verma ,Yogendar
942 _2ddc
_cEN
_mNIR
_h181.499
999 _c142814
_d142814